ბათუმის შოთა რუსთაველის სახელმწიფო უნივერსიტეტის ბიბლიოთეკა

Монтаж систем внешнего водоснабжения и канализации. (ბიბ.ჩანაწერი № 37405)

000 -LEADER
fixed length control field 00862nam a2200229Ia 4500
001 - CONTROL NUMBER
control field 3364
003 - CONTROL NUMBER IDENTIFIER
control field GE_BSU
008 - FIXED-LENGTH DATA ELEMENTS--GENERAL INFORMATION
fixed length control field 181216s||||||||xx |||||||||||||| ||und||
040 ## - CATALOGING SOURCE
Transcribing agency GE_BSU
080 ## - UNIVERSAL DECIMAL CLASSIFICATION NUMBER
Universal Decimal Classification number 628.1/2(035.3)
100 ## - MAIN ENTRY--PERSONAL NAME
Personal name Перевшикин А.К. Александров,А.А. Далматова, Н.Я. и др.
245 ## - TITLE STATEMENT
Title Монтаж систем внешнего водоснабжения и канализации.
245 ## - TITLE STATEMENT
Statement of responsibility, etc. Ред.Р.Л.Черкинская, Г.А.Лебедева, Г.В.Рютина.
250 ## - EDITION STATEMENT
Edition statement Изд 3-е, перераб. и доп.
260 ## - PUBLICATION, DISTRIBUTION, ETC.
Place of publication, distribution, etc. М.
260 ## - PUBLICATION, DISTRIBUTION, ETC.
Name of publisher, distributor, etc. Стройиздат.
260 ## - PUBLICATION, DISTRIBUTION, ETC.
Date of publication, distribution, etc. 1978.
300 ## - PHYSICAL DESCRIPTION
Extent 572 стр. 22см.
300 ## - PHYSICAL DESCRIPTION
Accompanying material 412 табл. 223 рис.
653 ## - INDEX TERM--UNCONTROLLED
Uncontrolled term Монтаж систем внешнего водоснабжения и канализации.
942 ## - ADDED ENTRY ELEMENTS (KOHA)
Koha item type წიგნი
ეგზემპლარები
Withdrawn status Lost status Damaged status Not for loan Date acquired Barcode Date last seen Price effective from Koha item type
        2018-12-17 10318 2018-12-17 2018-12-17 წიგნი